000 00950nam a2200277 a 4500
001 000023512
005 20250530112058.0
008 101210s1971 sp 000 0 spa d
040 _aDO-SdBNP
_bspa
_cBNPHU
041 1 7 _aspa
_hfre
082 _a944.07
_bS677c
100 1 _aSoboul, Albert.
_948458
245 1 4 _aLas clases sociales de la revolución francesa /
_cAlbert Soboul ; traducción Valentina y Eugenio Fernández Vargas.
260 _aMadrid :
_bFundamentos,
_c1971.
300 _a230 p. ;
_c19 cm.
490 1 _aCiencia
_v6
490 1 _aHistoria
534 _a[Título original] :
_tPaysans, sans-culottes et jaboins
650 4 _aClases sociales
_zFrancia
_d1848-1850
_948459
650 0 _aConflicto social
_91974
650 4 _aMaterialismo dialéctico
_9845
700 1 _aFernández Vargas, Valentina,
_etr.
_944490
700 1 _aFernández Vargas, Eugenio,
_etr.
_948460
830 0 _aCiencia
_n6
_948461
830 0 _aHistoria
_92122
999 _c23008
_d23008